[Event "Vaujany op-A 6th"]
[Site "Vaujany"]
[Date "2015.07.11"]
[Round "3"]
[White "Poulet, Pierre Emmanuel"]
[Black "Poulet, Sebastien"]
[Result "1-0"]
[WhiteElo "2300"]
[BlackElo "2054"]
[PlyCount "125"]
[EventDate "2015.07.09"]
[EventType "swiss"]
[EventRounds "9"]
[EventCountry "FRA"]
[SourceTitle "EXT 2017"]
[Source "ChessBase"]
[SourceDate "2016.10.25"]
[SourceVersion "1"]
[SourceVersionDate "2016.10.25"]
[SourceQuality "1"]

1. e4 e5 2. Nf3 Nc6 3. Bb5 a6 4. Ba4 Nf6 5. 0-0 Be7 6. Re1 b5 7. Bb3 0-0 8. h3 Bb7 9. d3 d6 10. c3 Na5 11. Bc2 c5 12. Nbd2 Qc7 13. Nf1 Rac8 14. a4 Nc6 15. Qe2 b4 16. N3h2 Rfe8 17. Ng4 Rcd8 18. Qf3 Bc8 19. Nfe3 Nxg4 20. hxg4 Be6 21. Nd5 Qb7 22. g5 Kh8 23. Kh2 Nb8 24. Rh1 Nd7 25. Kg1 Bxd5 26. exd5 Kg8 27. d4 Nf8 28. dxe5 dxe5 29. c4 g6 30. Be4 Bd6 31. Qh3 Qd7 32. Qh4 Rb8 33. b3 a5 34. Bd2 Be7 35. Re1 Bd6 36. Re3 Be7 37. Reh3 Qd6 38. Rf3 Rb6 39. Qh6 Rb7 40. Qh4 Rb6 41. Qg3 f5 42. gxf6 Bxf6 43. Bh6 Bg7 44. Bg5 Rb7 45. Qh4 Ra8 46. Rhh3 Raa7 47. Qg4 Rc7 48. Rxf8+ Bxf8 49. Qe6+ Qxe6 50. dxe6 Be7 51. Bd5 Rc8 52. Bh6 Rd8 53. Rf3 Rc7 54. Rf7 Rxd5 55. cxd5 Bd6 56. Rd7 Rxd7 57. exd7 Bc7 58. Be3 c4 59. bxc4 b3 60. Bc1 Kf7 61. Ba3 Kf6 62. c5 e4 63. c6 1-0

[Event "FRA-chT U20 16 GP Basse 1213"]
[Site "France"]
[Date "2013.05.19"]
[Round "9"]
[White "Poulet, Sebastien"]
[Black "Vigna, Leo"]
[Result "1/2-1/2"]
[WhiteElo "1840"]
[BlackElo "1736"]
[PlyCount "77"]
[EventDate "2012.12.01"]
[EventType "team"]
[EventRounds "11"]
[EventCountry "FRA"]
[SourceTitle "EXT 2014"]
[Source "ChessBase"]
[SourceDate "2013.11.20"]
[SourceVersion "1"]
[SourceVersionDate "2013.11.20"]
[SourceQuality "1"]
[WhiteTeam "Sainte Foy (U20)"]
[BlackTeam "Lutece (U20)"]
[WhiteTeamCountry "FRA"]
[BlackTeamCountry "FRA"]

1. e4 d6 2. d4 Nf6 3. Nc3 Nbd7 4. Nf3 e5 5. Bc4 Be7 6. 0-0 0-0 7. a4 a5 8. Qe2 c6 9. Rd1 Qc7 10. Ba2 b6 11. d5 Bb7 12. dxc6 Bxc6 13. Qc4 Rac8 14. Ng5 Bb7 15. Qb5 Nc5 16. Qc4 Ba6 17. Nb5 Bxb5 18. axb5 Ncxe4 19. Nxe4 Qxc4 20. Nxf6+ Bxf6 21. Bxc4 Rxc4 22. Rxd6 Rd4 23. Rxd4 exd4 24. Bd2 Rc8 25. c3 dxc3 26. bxc3 Rc5 27. Rb1 Bxc3 28. Be3 Rd5 29. Bxb6 Bb4 30. Kf1 h6 31. Bc7 Rxb5 32. Bxa5 Rxa5 33. Rxb4 Ra2 34. Re4 g5 35. g3 Kg7 36. Kg2 f5 37. Re6 g4 38. Rb6 h5 39. Rc6 1/2-1/2

[Event "FRA-ch U14"]
[Site "Saint Paul Trois Chateaux"]
[Date "2013.05.03"]
[Round "6"]
[White "Roque, Gaetan"]
[Black "Poulet, Sebastien"]
[Result "1/2-1/2"]
[WhiteElo "1904"]
[BlackElo "1848"]
[PlyCount "78"]
[EventDate "2013.04.28"]
[EventType "swiss"]
[EventRounds "9"]
[EventCountry "FRA"]
[SourceTitle "CBM 154 Extra"]
[Source "ChessBase"]
[SourceDate "2013.06.25"]
[SourceVersion "2"]
[SourceVersionDate "2013.06.25"]
[SourceQuality "1"]

1. d4 Nf6 2. Nf3 g6 3. c4 Bg7 4. Nc3 d6 5. e4 0-0 6. Be2 Nbd7 7. Be3 e5 8. d5 Nh5 9. 0-0 Nf4 10. Qd2 Nxe2+ 11. Qxe2 f5 12. exf5 gxf5 13. Ne1 f4 14. Bd2 Nf6 15. f3 Bf5 16. Ne4 Qe8 17. Nd3 Qg6 18. Nxf6+ Bxf6 19. Nf2 Rf7 20. Ne4 Be7 21. Kh1 Rg7 22. Rg1 Kh8 23. g4 Bxe4 24. Qxe4 Qxe4 25. fxe4 Rag8 26. h3 h5 27. gxh5 Rxg1+ 28. Rxg1 Rxg1+ 29. Kxg1 Kh7 30. Kg2 Kh6 31. a4 b6 32. a5 Kxh5 33. axb6 axb6 34. b4 Bg5 35. Bc3 Bf6 36. Be1 Bh4 37. Bc3 Bf6 38. Be1 Bh4 39. Bc3 Bf6 1/2-1/2

[Event "FRA-ch U14"]
[Site "Saint Paul Trois Chateaux"]
[Date "2013.05.02"]
[Round "5"]
[White "Poulet, Sebastien"]
[Black "Dietrich, Thomas"]
[Result "1-0"]
[WhiteElo "1848"]
[BlackElo "1799"]
[PlyCount "66"]
[EventDate "2013.04.28"]
[EventType "swiss"]
[EventRounds "9"]
[EventCountry "FRA"]
[SourceTitle "CBM 154 Extra"]
[Source "ChessBase"]
[SourceDate "2013.06.25"]
[SourceVersion "2"]
[SourceVersionDate "2013.06.25"]
[SourceQuality "1"]

1. e4 c5 2. Nf3 e6 3. d4 cxd4 4. Nxd4 Nf6 5. Nc3 Bb4 6. e5 Nd5 7. Bd2 Nxc3 8. bxc3 Be7 9. Qg4 0-0 10. Bh6 g6 11. h4 Qa5 12. Qg3 Nc6 13. Nxc6 bxc6 14. h5 Rb8 15. hxg6 fxg6 16. Bxf8 Bxf8 17. Be2 Qc5 18. Qh3 h6 19. Qg3 Bg7 20. 0-0 Qxe5 21. Qxe5 Bxe5 22. Rab1 Rb6 23. Rxb6 axb6 24. Rb1 Bc7 25. Rb3 Bb7 26. Ra3 Bb8 27. Ba6 Bxa6 28. Rxa6 Be5 29. Rxb6 Bxc3 30. Rb3 Bd4 31. a4 Kf8 32. Rd3 c5 33. Rxd4 Ke8 1-0

[Event "FRA-ch U14"]
[Site "Saint Paul Trois Chateaux"]
[Date "2013.04.28"]
[Round "1"]
[White "Poulet, Sebastien"]
[Black "Francois, Adrien"]
[Result "1-0"]
[WhiteElo "1848"]
[BlackElo "1632"]
[PlyCount "103"]
[EventDate "2013.04.28"]
[EventType "swiss"]
[EventRounds "9"]
[EventCountry "FRA"]
[SourceTitle "CBM 154 Extra"]
[Source "ChessBase"]
[SourceDate "2013.06.25"]
[SourceVersion "2"]
[SourceVersionDate "2013.06.25"]
[SourceQuality "1"]

1. e4 c5 2. Nf3 a6 3. c3 e6 4. d4 d5 5. e5 Bd7 6. Bd3 cxd4 7. cxd4 Bb5 8. 0-0 Nc6 9. Nc3 Bxd3 10. Qxd3 Nge7 11. Bf4 Ng6 12. Be3 Be7 13. Nd2 Nh4 14. f4 Nf5 15. Bf2 Nb4 16. Qb1 h5 17. a3 Nc6 18. Nf3 Qb6 19. Nxd5 Qd8 20. Nxe7 Ncxe7 21. Qe4 Nd5 22. Nd2 Qb6 23. Rab1 Rc8 24. Rfd1 Ke7 25. Nf1 Rc6 26. Ne3 Nfxe3 27. Bxe3 g6 28. g3 Rhc8 29. Bd2 Qb3 30. Bc3 b5 31. Bb4+ Kd7 32. Bc5 Qe3+ 33. Qxe3 Nxe3 34. Rd3 Nd5 35. Kf2 h4 36. Rh1 Rh8 37. Rdd1 Rcc8 38. Kf3 Rcg8 39. a4 Kc6 40. h3 Kd7 41. Rhg1 g5 42. fxg5 Rxg5 43. Ke4 Rh7 44. Rdf1 a5 45. Rc1 Rh8 46. Rg2 Rb8 47. Rf2 Ke8 48. Bd6 Rb7 49. Rc8+ Kd7 50. Rf8 Kc6 51. Rc2+ Kb6 52. Bc5+ 1-0

[Event "FRA-chT U20"]
[Site "France"]
[Date "2012.05.28"]
[Round "?"]
[White "Vigna, Leo"]
[Black "Poulet, Sebastien"]
[Result "0-1"]
[WhiteElo "1712"]
[BlackElo "1805"]
[PlyCount "120"]
[EventDate "2012.05.26"]
[EventType "team-swiss"]
[EventRounds "9"]
[EventCountry "FRA"]
[SourceTitle "EXT 2014"]
[Source "ChessBase"]
[SourceDate "2013.11.20"]
[SourceVersion "1"]
[SourceVersionDate "2013.11.20"]
[SourceQuality "1"]

1. e4 c5 2. Nf3 e6 3. d4 cxd4 4. Nxd4 Nf6 5. Nc3 d6 6. Be3 Nc6 7. Bb5 Bd7 8. 0-0 Be7 9. Qe2 0-0 10. Rad1 Qc7 11. h3 a6 12. Nxc6 Bxc6 13. Bd3 b5 14. a3 Qb7 15. Bc1 Nd7 16. f4 Nc5 17. b4 Nxd3 18. Rxd3 Rfd8 19. f5 e5 20. f6 Bxf6 21. Qg4 Kh8 22. Rdf3 Rg8 23. h4 Qc8 24. Qg3 Qe6 25. h5 Raf8 26. h6 gxh6 27. Qh2 Bg5 28. Bxg5 Rxg5 29. Rf6 Qg4 30. Rxh6 Rg7 31. Rxd6 Bxe4 32. Nxe4 Qxe4 33. Rd3 Rfg8 34. Rf2 Qe1+ 35. Rf1 Qe4 36. Rf2 Rg4 37. Rh3 R8g7 38. Rd3 Rh4 39. Rd8+ Rg8 40. Rxg8+ Kxg8 41. Qg3+ Rg4 42. Qh3 Qe1+ 43. Rf1 Qg3 44. Rf3 Qxh3 45. Rxh3 Rc4 46. c3 Kg7 47. Kf2 f5 48. Rd3 Rc6 49. g3 Kf6 50. Kg2 Kg5 51. Kh3 h5 52. Rd8 Rxc3 53. Rg8+ Kf6 54. Rf8+ Ke6 55. Rh8 Rxa3 56. Rxh5 Ra4 57. Rh4 a5 58. g4 fxg4+ 59. Kxg4 Kd5 60. Rh6 Rxb4+ 0-1

[Event "FRA-chT U20"]
[Site "France"]
[Date "2012.05.26"]
[Round "?"]
[White "Ek, Alexandre"]
[Black "Poulet, Sebastien"]
[Result "1-0"]
[WhiteElo "1903"]
[BlackElo "1805"]
[PlyCount "165"]
[EventDate "2012.05.26"]
[EventType "team-swiss"]
[EventRounds "9"]
[EventCountry "FRA"]
[SourceTitle "EXT 2014"]
[Source "ChessBase"]
[SourceDate "2013.11.20"]
[SourceVersion "1"]
[SourceVersionDate "2013.11.20"]
[SourceQuality "1"]

1. e4 c5 2. c3 g6 3. d4 cxd4 4. cxd4 d5 5. e5 Bg7 6. h3 Nc6 7. Nc3 h5 8. Bb5 a6 9. Bxc6+ bxc6 10. Na4 e6 11. Qc2 Qc7 12. Bd2 Bf8 13. Rc1 Bb7 14. Nf3 Nh6 15. 0-0 Nf5 16. Qc3 Be7 17. Qa5 Qxa5 18. Bxa5 Rb8 19. Bc7 Rc8 20. Bb6 0-0 21. Bc5 Rc7 22. Rc3 Rb8 23. Rb3 Re8 24. Bxe7 Nxe7 25. Nc5 Bc8 26. Rb8 Ra7 27. Rc1 Kf8 28. Ng5 Kg8 29. g4 Rf8 30. Rc3 Bd7 31. Rcb3 Rxb8 32. Rxb8+ Bc8 33. Nf3 Kg7 34. Nd2 hxg4 35. hxg4 Kh6 36. Kg2 g5 37. Rb6 Kg6 38. b4 a5 39. bxa5 Rxa5 40. a4 Kg7 41. Ndb3 Ra7 42. a5 Kf8 43. a6 Ke8 44. Na5 Bd7 45. Rb7 Nc8 46. Nxd7 Rxa6 47. Nf6+ Kf8 48. Rb8 Rxa5 49. Rxc8+ Kg7 50. Ne8+ Kg6 51. Rxc6 Ra4 52. Rd6 Rxd4 53. Nf6 Rd1 54. Kf3 Re1 55. Nd7 Ra1 56. Nc5 Ra3+ 57. Kg2 Rc3 58. Nd7 Rc2 59. Kf3 Rc3+ 60. Ke2 Rc2+ 61. Ke3 Rc4 62. Nf6 Rc3+ 63. Kd2 Rf3 64. Ke2 Ra3 65. Nxd5 Kg7 66. Ne3 Rc3 67. Kf3 Rc5 68. Ke4 Ra5 69. Rd4 Ra2 70. f4 gxf4 71. Kxf4 Rf2+ 72. Kg5 Re2 73. Nc4 Re1 74. Rf4 Re2 75. Kh4 Rh2+ 76. Kg3 Ra2 77. Nd6 Ra7 78. Kh4 Kg6 79. Rf6+ Kg7 80. Rxf7+ Rxf7 81. Nxf7 Kxf7 82. Kh5 Kg7 83. Kg5 1-0

[Event "FRA-chT U20 1112"]
[Site "France"]
[Date "2011.12.04"]
[Round "2.4"]
[White "Poulet, Sebastien"]
[Black "Jrade, Willis"]
[Result "1/2-1/2"]
[WhiteElo "1787"]
[BlackElo "1583"]
[PlyCount "32"]
[EventDate "2011.12.03"]
[EventType "team-swiss"]
[EventRounds "7"]
[EventCountry "FRA"]
[SourceTitle "EXT 2013"]
[Source "ChessBase"]
[SourceDate "2012.11.22"]
[SourceVersion "1"]
[SourceVersionDate "2012.11.22"]
[SourceQuality "1"]

1. e4 e5 2. Nf3 Nc6 3. d4 exd4 4. Bc4 Nf6 5. e5 d5 6. Bb5 Ne4 7. Nxd4 Bd7 8. Bxc6 Bxc6 9. Nxc6 bxc6 10. 0-0 Bc5 11. Nc3 Nxc3 12. bxc3 0-0 13. Qg4 Qe7 14. Re1 Qe6 15. Qxe6 fxe6 16. Be3 Bxe3 1/2-1/2

[Event "FRA-ch U12"]
[Site "Montlucon"]
[Date "2011.04.20"]
[Round "5"]
[White "Rey, Gaetan"]
[Black "Poulet, Sebastien"]
[Result "1/2-1/2"]
[WhiteElo "1797"]
[BlackElo "1628"]
[PlyCount "133"]
[EventDate "2011.04.17"]
[EventType "swiss"]
[EventRounds "9"]
[EventCountry "FRA"]
[SourceTitle "CBM 142 Extra"]
[Source "ChessBase"]
[SourceDate "2011.06.27"]
[SourceVersion "1"]
[SourceVersionDate "2011.06.27"]
[SourceQuality "1"]

1. e4 c5 2. Nf3 e6 3. d4 cxd4 4. Nxd4 Nf6 5. Nc3 d6 6. Be3 Nc6 7. f3 Be7 8. Qd2 0-0 9. 0-0-0 a6 10. g4 Nd7 11. h4 Nxd4 12. Bxd4 b5 13. g5 Bb7 14. Be3 g6 15. h5 Kg7 16. Qh2 Rh8 17. hxg6 hxg6 18. Qxh8+ Qxh8 19. Rxh8 Rxh8 20. f4 Rh4 21. Bd3 Rh3 22. Bg1 Bc6 23. Rd2 Nc5 24. Bxc5 dxc5 25. b3 Rf3 26. Ne2 e5 27. Rd1 exf4 28. Rg1 Bd6 29. Kd2 Be5 30. c3 Re3 31. Rg4 Bxe4 32. Nxf4 Bxf4 33. Rxf4 Rxd3+ 34. Kc2 Rg3+ 35. Rxe4 Rxg5 36. Re2 Rf5 37. Kd3 Kf6 38. Rg2 g5 39. Ke4 Ke6 40. a4 bxa4 41. bxa4 Rf4+ 42. Kd3 Rxa4 43. Rxg5 f5 44. Rg8 Ke5 45. Rc8 Ra5 46. Re8+ Kf4 47. Kc4 Kf3 48. Rf8 f4 49. Kd3 Ra4 50. Rf5 c4+ 51. Kd4 a5 52. Rf8 Ra1 53. Kxc4 a4 54. Kb4 a3 55. Kb3 Ke3 56. Re8+ Kf2 57. c4 f3 58. c5 Kf1 59. Rh8 Rb1+ 60. Kxa3 Rb5 61. c6 Rc5 62. Rh6 f2 63. Kb4 Rc2 64. Kb5 Ke1 65. Re6+ Kd1 66. Rf6 Rb2+ 67. Ka6 1/2-1/2

[Event "FRA-ch U12"]
[Site "Montlucon"]
[Date "2011.04.18"]
[Round "2"]
[White "Caille, Hugo"]
[Black "Poulet, Sebastien"]
[Result "0-1"]
[WhiteElo "1748"]
[BlackElo "1628"]
[PlyCount "92"]
[EventDate "2011.04.17"]
[EventType "swiss"]
[EventRounds "9"]
[EventCountry "FRA"]
[SourceTitle "CBM 142 Extra"]
[Source "ChessBase"]
[SourceDate "2011.06.27"]
[SourceVersion "1"]
[SourceVersionDate "2011.06.27"]
[SourceQuality "1"]

1. e4 c5 2. Nf3 e6 3. d4 cxd4 4. Nxd4 Nf6 5. Nc3 d6 6. Be3 Nc6 7. f3 Be7 8. Qd2 0-0 9. Be2 a6 10. 0-0 Qc7 11. f4 Bd7 12. f5 Nxd4 13. Bxd4 e5 14. Be3 Bc6 15. Nd5 Bxd5 16. exd5 Rac8 17. c4 Rfe8 18. Kh1 Bf8 19. b3 Qe7 20. g4 h6 21. Rg1 Nh7 22. Raf1 f6 23. h4 Rc7 24. g5 hxg5 25. hxg5 Nxg5 26. Bxg5 fxg5 27. Rxg5 Qf6 28. Rf2 Rec8 29. Rh2 Kf7 30. Bh5+ Ke7 31. Qd3 Qxg5 32. Qf3 b5 33. Rg2 Qh4+ 34. Kg1 bxc4 35. Rg4 Qe1+ 36. Kh2 cxb3 37. f6+ gxf6 38. Qxb3 Rc2+ 39. Rg2 Qh4+ 40. Kg1 Rxg2+ 41. Kxg2 Qxh5 42. Qb7+ Kd8 43. Qb6+ Ke8 44. Qb3 Qg4+ 45. Kf2 Qd4+ 46. Kg2 Qd2+ 0-1